000 00553nam a22001817a 4500
005 20251108164132.0
008 250721s1994 xx 000 0 ara d
082 1 4 _a218,51/مؤى
100 1 _aأبو جهاد، مؤيد توفيق
245 1 0 _aالفوائد لأبي جهاد العائد /
264 1 _aعمان :
_bالمكتبة الإسلامية،
_c1994.
300 _aج
490 0 _aالمواعظ والحكم
650 1 7 _aالوعظ و الإرشاد
650 1 7 _aالحكم (الأمثال)
942 _2ddc
_cBK
999 _c4521
_d4521